| 000 | 00833nam a2200265 i 4500 | ||
|---|---|---|---|
| 003 | DO-SdBNP | ||
| 005 | 20231013115231.0 | ||
| 007 | ta | ||
| 008 | 110413s2016 gt ao 000 0 spa d | ||
| 020 | _a9788494433290 | ||
| 040 |
_aDO-SdBNP _bspa _cBNPHU _erda |
||
| 082 |
_a351.74 _bG958m _222 |
||
| 100 |
_aGuillén Lasierra, Francesc _eautor _984407 |
||
| 245 | 1 | 0 |
_aModelos de policia : _bhacia un modelo de seguridad plural / _cFrancesc Guillén Lasierra |
| 264 |
_a[Barcelona] : _bJB Bosch Editor, _c2016. |
||
| 300 |
_a267 páginas ; _c22 cm. |
||
| 336 |
_2rdacontent _atexto _btxt |
||
| 337 |
_2rdamedia _asin mediación _bn |
||
| 338 |
_2rdacarrier _avolumen _bnc |
||
| 590 | _aInventariado, 2023/ DG | ||
| 650 | 4 |
_aPolicía _zEspaña _984480 |
|
| 651 |
_aOrden público _zEspaña _984481 |
||
| 910 | _aDG | ||
| 942 |
_2ddc _cLBS1 |
||
| 999 |
_c55170 _d55170 |
||